000 01506nam a22003497a 4500
005 20120301110052.0
008 120301t xxu||||| |||| 00| 0 eng d
010 _aENG-104840
020 _a9788120344884
_c495.00
035 _aEN-88373
037 _bDBAD/ PUB
040 _aDPL
_bEng
082 _a006.78
100 1 _aKosinska, Elena
_943250
245 1 _aMicrosoft Expression Blend 4 step by step /
_cby Elena Kosinska [and] Chris Leeds
260 _aNew Delhi
_bPHI Learning
_c2012
270 _aM-97, Cannaught Circus,
_bNew Delhi
_e110 001
300 _axxvii,397p. :
_c24cm (pbk)
_bill.
490 _aStep by step
_943251
500 _aIncludes index
520 _aProvides information on creating rich user interfaces for Microsoft Silverlight-based applications with Microsoft Expression Blend 4 -- |c source other than the Library of Congress.
630 _aMicrosoft Expression blend.
_943252
630 _aMicrosoft Expression blend (Computer software)
_943253
650 _aGraphical user interfaces (Computer systems)
_943254
650 _aWeb sites
_xAuthoring programs.
_943255
650 _aApplication software
_xDevelopment.
_943256
650 _aApplication software
_xDesign.
_943257
650 _aWeb sites
_xDesign
_943258
700 _aLeeds, Chris
_943259
942 _adpl
_cEN
_2ddc
_h006.78
_mKOS
999 _c63627
_d63627